000 01241cam a22003497a 4500
003 CHAP
005 20220817044030.0
008 050623d2002 es a r 00110 spa d
010 _a90543
011 _a91515
020 _a8484760537
035 _a102074
040 _cCHAP
082 0 4 _a338.162
_bT3
100 0 0 _aTamames, Ramón.
_9111502
245 1 0 _aAgricultura de conservación 2002 :
_bun enfoque global
_c/por Ramón Tamames
260 _aMadrid :
_bMundi-Prensa,
_c2002.
300 _a207 p. :
_bilus.
590 _aBATCH-UPD
_b10
_c20130110
_lUCH01
_h1000
590 _aBATCH-UPD
_b10
_c20130410
_lUCH01
_h0612
590 _aBATCH-UPD
_b10
_c20130913
_lUCH01
_h2224
590 _aCONVERSION
_b10
_c20130109
_lUCH01
_h1350
650 1 4 _aAgricultura sustentable.
650 1 4 _aRecursos naturales
_xConservación.
650 1 4 _aSuelos
_xConservación.
_9110283
901 _aBK
905 _aAlejandra Carrasco M.
942 _cLIBRO
949 _a338.162 T3
_bBC
_cLIBRO
_d33724000957148
_eLIBRO
_fc.3
_h105784
_i102074
_kI.c/e
_si
_t$ 503.00
949 _a338.162 T3
_bBC
_cLIBRO
_d33724000957197
_eLIBRO
_h105782
_i102074
_kI.c/e
_si
_t$ 503.00
949 _a338.162 T3
_bBC
_cLIBRO
_d33724000957437
_eLIBRO
_fc.2
_h105783
_i102074
_kI.c/e
_si
_t$ 503.00
999 _c90543
_d90543